| 000 | 00670nam a2200229 a 4500 | ||
|---|---|---|---|
| 001 | 59392 | ||
| 003 | BD-RJUL | ||
| 005 | 20211209080726.0 | ||
| 008 | 161224s2012 tnu i 001 0 eng d | ||
| 020 | _a9781459060548 | ||
| 035 | _a(BD-RjUL)59516 | ||
| 040 |
_aDLC _cSYB _dOCL _dSLU _dALX _dBD-RjUL _beng |
||
| 041 | _aeng | ||
| 082 |
_223 _a340.9 _bMIC 2012 |
||
| 100 | 1 |
_aMinor, Raleigh C. _9176632 |
|
| 245 | 1 | 0 |
_aConflict of laws, or, Private international law / _cRaleigh C. Minor. |
| 260 |
_aMemphis, Tennessee : _bGeneral Books LLC, _c2012. |
||
| 300 |
_a212 p ; _c23 cm. |
||
| 504 | _aIncludes index. | ||
| 650 | 0 |
_aConflict of laws _9176633 |
|
| 942 |
_2ddc _cBK |
||
| 999 |
_c59392 _d59392 |
||